000 00768nam a2200229Ia 4500
008 171120s9999 xx 000 0 und d
020 _a9.7807495624e+012
050 _a915.97
050 _bV666 2009
245 _aVietnam /
260 _aBasingstoke :
260 _bAA Publishing,
260 _c2009
300 _a304 pages :
300 _bcolored illustrations ;
300 _c21cm.
440 _aThe AA key guide.
500 _aSummary : A travel guide to Vietnam. It offers practical information on everything from local transport to the language. It presents recommendations for where to eat, stay, shop and be entertained along with real costs to help you plan your trip.
650 _aVietnam --
650 _aVietnam.
650 _xGuidebooks.
999 _c345015
_d345015